header

A fire you can't put out (Record no. 79772)

MARC details
000 -LEADER
fixed length control field 01669nam a2200373Ia 4500
082 04 - DEWEY DECIMAL CLASSIFICATION NUMBER
Classification number 305.8/960730761781
100 1# - MAIN ENTRY--AUTHOR NAME
Personal name Manis, Andrew Michael.
245 12 - TITLE STATEMENT
Title A fire you can't put out
260 ## - PUBLICATION, DISTRIBUTION, ETC. (IMPRINT)
Place of publication Tuscaloosa :
Name of publisher University of Alabama Press,
Year of publication c1999.
300 ## - PHYSICAL DESCRIPTION
Number of Pages xxxii, 541 p., [12] p. :
Other physical details ill.
490 1# - SERIES STATEMENT
Series statement Religion and American culture
650 #0 - SUBJECT ADDED ENTRY--TOPICAL TERM
Topical Term Civil rights movements
Topical Term African Americans
Topical Term Civil rights workers
856 40 - ELECTRONIC LOCATION AND ACCESS
Uniform Resource Identifier http://site.ebrary.com/lib/rucke/Doc?id=10408242

No items available.

© 2026 Rongo University
Contact us: librarian | system librarian | Rongo university